CADICAA (Registro nro. 8675)
[ vista simple ]
| 000 -LEADER | |
|---|---|
| fixed length control field | 01008nas a2200277 454500 |
| 001 - CONTROL NUMBER | |
| control field | 29628 |
| 005 - DATE AND TIME OF LATEST TRANSACTION | |
| control field | 20260407193508.0 |
| 008 - FIXED-LENGTH DATA ELEMENTS--GENERAL INFORMATION | |
| fixed length control field | 260407s2000####ag###########|||spa#d |
| 003 - CONTROL NUMBER IDENTIFIER | |
| control field | AR-UNSa-BCEJYS |
| 040 ## - CATALOGING SOURCE | |
| Original cataloging agency | AR-UNSa-BCEJYS |
| Language of cataloging | spa |
| Transcribing agency | AR-UNSa-BCEJYS |
| 080 ## - UNIVERSAL DECIMAL CLASSIFICATION NUMBER | |
| Universal Decimal Classification number | 338.45 |
| Common auxiliary subdivision | Industria como sector económico. Producción comercial, industrial |
| 041 ## - LANGUAGE CODE | |
| Language code of text/sound track or separate title | spa |
| 100 1# - MAIN ENTRY--PERSONAL NAME | |
| Personal name | Camara de Industria y Comercio Argentino-Alemana (CADICAA) |
| 245 10 - TITLE STATEMENT | |
| Title | CADICAA |
| Name of part/section of a work | Economía Argentino-Alemana / Deutsch-Argentinische Wirtschaft |
| 264 #1 - PRODUCTION, PUBLICATION, DISTRIBUTION, MANUFACTURE, AND COPYRIGHT NOTICE | |
| Place of production, publication, distribution, manufacture | Buenos Aires : |
| Name of producer, publisher, distributor, manufacturer | CADICAA |
| Date of production, publication, distribution, manufacture, or copyright notice | 2000 |
| 310 ## - CURRENT PUBLICATION FREQUENCY | |
| Current publication frequency | Frecuencia: Bimestral<br/>Cambia de Director a partir del Año L, Nº 3 por Reinhold Meyer |
| 505 ## - FORMATTED CONTENTS NOTE | |
| Formatted contents note | <br/> |
| 590 ## - LOCAL NOTE (RLIN) | |
| Local note | niveau_biblio:s niveau_hierar:1 |
| 650 ## - SUBJECT ADDED ENTRY--TOPICAL TERM | |
| Topical term or geographic name entry element | Comercio internacional |
| 650 ## - SUBJECT ADDED ENTRY--TOPICAL TERM | |
| Topical term or geographic name entry element | Comercio |
| 650 ## - SUBJECT ADDED ENTRY--TOPICAL TERM | |
| Topical term or geographic name entry element | Industria |
| 650 ## - SUBJECT ADDED ENTRY--TOPICAL TERM | |
| Topical term or geographic name entry element | Alemania |
| 700 1# - ADDED ENTRY--PERSONAL NAME | |
| Personal name | Scheidel, Daniel M. |
| 856 41 - ELECTRONIC LOCATION AND ACCESS | |
| Uniform Resource Identifier | <a href="https://biblioeco.unsa.edu.ar/pmb/images/revistas/Cadicaa-r14305.jpg">https://biblioeco.unsa.edu.ar/pmb/images/revistas/Cadicaa-r14305.jpg</a> |
| Link text | Imagen de portada |
| Electronic format type | image/jpeg |
| 942 ## - ADDED ENTRY ELEMENTS (KOHA) | |
| Koha item type | |
| Withdrawn status | Lost status | Damaged status | Not for loan | Home library | Current library | Shelving location | Date acquired | Serial enumeration / chronology | Total checkouts | Full call number | Barcode | Date last seen | Price effective from | Koha item type |
|---|---|---|---|---|---|---|---|---|---|---|---|---|---|---|
| Biblioteca Prof. Eusebio Cleto del Rey | Biblioteca Prof. Eusebio Cleto del Rey | 01/05/2002 | Año L, Nº 3 - mayo/jun. 2002 | H338.45 CAD 3.2002 | R14322 | 10/04/2026 | 10/04/2026 | Numero | ||||||
| Biblioteca Prof. Eusebio Cleto del Rey | Biblioteca Prof. Eusebio Cleto del Rey | 01/07/2001 | Año XLX, Nº 4 - jul./ago. 2001 | H338.45 CAD 4.2001 | R14321 | 10/04/2026 | 10/04/2026 | Numero | ||||||
| Biblioteca Prof. Eusebio Cleto del Rey | Biblioteca Prof. Eusebio Cleto del Rey | 01/05/2001 | Año XLIX, Nº 3 - mayo/jun. 2001 | H338.45 CAD 3.2001 | R14320 | 10/04/2026 | 10/04/2026 | Numero | ||||||
| Biblioteca Prof. Eusebio Cleto del Rey | Biblioteca Prof. Eusebio Cleto del Rey | 01/01/2001 | Año XLIX, Nº 1 - ene./feb. 2001 | H338.45 CAD 1.2001 | R14319 | 10/04/2026 | 10/04/2026 | Numero | ||||||
| Biblioteca Prof. Eusebio Cleto del Rey | Biblioteca Prof. Eusebio Cleto del Rey | 01/07/2000 | Año XLVIII, Nº 4 - jul./ago. 2000 | H338.45 CAD 4.2000 | R14305 | 10/04/2026 | 10/04/2026 | Numero |